Geometrical combinatorial topology /

Guardado en:
Autor Principal: Glaser, Leslie C., 1937-
Formato: Libro
Idioma:English
Publicado: New York : Van Nostrand Reinhold, c1970-72.
Series:Van Nostrand Reinhold mathematical studies ; #27-28
Etiquetas: Agregar Etiqueta
Sin Etiquetas, Sea el primero en etiquetar este registro!
LEADER 00685cam a22001935 4500
001 MAT.inmabb001969
008 700423m19701972nyua#####b####001#0#eng#d
005 20130225161648.0
245 1 0 |a Geometrical combinatorial topology /  |c by Leslie C. Glaser. 
260 |a New York :  |b Van Nostrand Reinhold,  |c c1970-72. 
300 |a 2 v. :  |b il. ;  |c 21 cm. 
440 0 |a Van Nostrand Reinhold mathematical studies ;  |v #27-28 
504 |a Bibliografía: v. 2, p. 165-169. 
500 |a La biblioteca sólo posee el v. 1.  |5 AR-BbIMB 
020 |a 0442782837 (v. 2) 
100 1 |a Glaser, Leslie C.,  |d 1937- 
084 |a 57Qxx  |2 msc2000 
010 |a  77011338  
859 |h 57  |i G548  |p A-3598  |3 Vol. I  |b BIB. MATEMATICA